Includes bibliographies (Record no. 15375)

000 -LEADER
fixed length control field 00588nam a22002171 4500
001 - CONTROL NUMBER
control field 15375
003 - CONTROL NUMBER IDENTIFIER
control field BD-DhUET
008 - FIXED-LENGTH DATA ELEMENTS--GENERAL INFORMATION
fixed length control field 731030m19621966njua b 000 0 eng
040 ## - CATALOGING SOURCE
Original cataloging agency DLC
Transcribing agency DLC
Modifying agency BD-DhUET
082 00 - DEWEY DECIMAL CLASSIFICATION NUMBER
Classification number 543
Item number FUR/1966
100 ## - MAIN ENTRY--PERSONAL NAME
Personal name Furman, N. Howell
245 00 - TITLE STATEMENT
Title Includes bibliographies
250 ## - EDITION STATEMENT
Edition statement 6th ed.
260 ## - PUBLICATION, DISTRIBUTION, ETC. (IMPRINT)
Place of publication, distribution, etc. New York
Name of publisher, distributor, etc. Van Nostrand Reinhold
Date of publication, distribution, etc. 1966
300 ## - PHYSICAL DESCRIPTION
Extent xi, (975-2018)p.
Other physical details ill.
500 ## - GENERAL NOTE
General note Vol.3 (Instrumental methods)
Part. B
504 ## - BIBLIOGRAPHY, ETC. NOTE
Bibliography, etc Includes bibliographies
650 #0 - SUBJECT ADDED ENTRY--TOPICAL TERM
Topical term or geographic name as entry element Chemistry, Analytic
700 ## - ADDED ENTRY--PERSONAL NAME
Personal name Welcher, Frank J.
942 ## - ADDED ENTRY ELEMENTS (KOHA)
Koha item type Edited Book
Holdings
Koha date last seen Location (home branch) Koha normalized classification for sorting Not for loan Price effective from Sublocation or collection (holding branch) Date acquired Source of classification or shelving scheme Lost status Koha item type Damaged status Koha full call number Piece designation (barcode) Withdrawn status Shelving location Copy number
2015-03-12Central Library, BUET543_000000000000000_FUR_1966 2015-03-12Central Library, BUET2015-03-12  Edited Book 543/FUR/196628818 Circulation section1
2015-03-12Central Library, BUET543_000000000000000_FUR_1966 2015-03-12Central Library, BUET2015-03-12  Edited Book 543/FUR/196628828 Circulation section2
2015-03-12Central Library, BUET543_000000000000000_FUR_1966 2015-03-12Central Library, BUET2015-03-12  Edited Book 543/FUR/196628836 Circulation section4
2015-03-12Central Library, BUET543_000000000000000_FUR_1966 2015-03-12Central Library, BUET2015-03-12  Edited Book 543/FUR/196628831 Circulation section5
2015-03-12Central Library, BUET543_000000000000000_FUR_1966 2015-03-12Central Library, BUET2015-03-12  Edited Book 543/FUR/196638894 Circulation section6
2018-02-20Central Library, BUET543_000000000000000_FUR_1966 2015-03-12Central Library, BUET2015-03-12  Edited Book 543/FUR/196628827 Circulation section7
2015-03-12Central Library, BUET543_000000000000000_FUR_1966 2015-03-12Central Library, BUET2015-03-12  Edited Book 543/FUR/196628837 Circulation section8
2015-03-12Central Library, BUET543_000000000000000_FUR_1966 2015-03-12Central Library, BUET2015-03-12  Edited Book 543/FUR/196628826 Circulation section9
2015-03-12Central Library, BUET543_000000000000000_FUR_1966 2015-03-12Central Library, BUET2015-03-12  Edited Book 543/FUR/196628832 Circulation section10